[Event "Moscow op2"]
[Site "Moscow"]
[Date "1995.??.??"]
[Round "7"]
[White "Annakov, Babakuli"]
[Black "Zhurina, Elizaveta"]
[Result "1/2-1/2"]
[WhiteElo "2410"]
[BlackElo "2240"]
[PlyCount "20"]
[EventDate "1995.11.??"]
[Source "www.chesslib.no"]
[SourceDate "2004.05.04"]

1. d4 e6 2. Nf3 f5 3. c4 Nf6 4. g3 Be7 5. Bg2 d6 6. O-O O-O 7. Nc3 Qe8 8. Qc2 Qh5 9. e4 fxe4 10. Nxe4 e5 1/2-1/2

[Event "Budapest FS03 IM"]
[Site "Budapest"]
[Date "1996.??.??"]
[Round "9"]
[White "Horvath, Gabor"]
[Black "Szabo, Zsolt"]
[Result "1/2-1/2"]
[WhiteElo "2275"]
[BlackElo "2370"]
[PlyCount "23"]
[EventDate "1996.03.??"]
[Source "ChessBase"]

1. d4 f5 2. c4 Nf6 3. Nc3 e6 4. g3 Be7 5. Bg2 O-O 6. Nf3 d6 7. O-O Qe8 8. Qc2 Nc6 9. b3 a6 10. Bb2 Bd7 11. Rad1 Qh5 12. Rfe1 1/2-1/2

[Event "Badalona op"]
[Site "Badalona"]
[Date "1998.??.??"]
[Round "?"]
[White "Alfonso, B."]
[Black "Panchenko, A."]
[Result "0-1"]
[WhiteElo "2185"]
[BlackElo "2430"]
[PlyCount "53"]
[EventDate "1998.??.??"]
[Source "www.chesslib.no"]
[SourceDate "2004.05.04"]

1. d4 f5 2. g3 e6 3. Bg2 Nf6 4. Nf3 Be7 5. c4 d6 6. Nc3 O-O 7. O-O Qe8 8. Qc2 Qh5 9. e4 e5 10. dxe5 dxe5 11. Nd5 Bd8 12. exf5 Bxf5 13. Qb3 Nbd7 14. Qxb7 Rb8 15. Qxa7 Bd3 16. Rd1 Be2 17. Nxf6+ Bxf6 18. Rxd7 Bxf3 19. Bxf3 Qxf3 20. Qe3 Qc6 21. Qd3 Kh8 22. Qd5 Qb6 23. b3 c6 24. Qe4 Qb4 25. Be3 Qc3 26. Rad1 Ra8 27. R7d2 0-1

[Event "Paris FRA"]
[Site "?"]
[Date "1996.??.??"]
[Round "?"]
[White "Pira Davoud"]
[Black "Keller Christophe"]
[Result "1-0"]
[WhiteElo "2365"]
[BlackElo "2250"]
[PlyCount "49"]
[EventDate "1996.??.??"]
[Source "www.chesslib.no"]
[SourceDate "2004.05.04"]

1. d4 e6 2. Nf3 f5 3. g3 Nf6 4. Bg2 Be7 5. O-O O-O 6. c4 d6 7. Nc3 Qe8 8. Qc2 Qh5 9. Re1 Kh8 10. b3 a5 11. Ba3 Na6 12. Rad1 Nb4 13. Qb1 g5 14. Bb2 g4 15. Nd2 c6 16. e4 e5 17. dxe5 dxe5 18. Na4 fxe4 19. Nxe4 Kg8 20. Nxf6+ Bxf6 21. Nb6 Bf5 22. Be4 Bxe4 23. Qxe4 Be7 24. Nxa8 Rxa8 25. Rd7 1-0

[Event "Asuncion Mayor op"]
[Site "?"]
[Date "2001.??.??"]
[Round "11"]
[White "Ferreira Oscar"]
[Black "Peralta Eduardo"]
[Result "1-0"]
[WhiteElo "2268"]
[BlackElo "2312"]
[PlyCount "69"]
[EventDate "2001.??.??"]
[Source "www.chesslib.no"]
[SourceDate "2004.05.04"]

1. Nf3 f5 2. d4 Nf6 3. g3 e6 4. Bg2 Be7 5. c4 O-O 6. O-O d6 7. Nc3 Qe8 8. Qc2 Qh5 9. e4 Nc6 10. exf5 e5 11. dxe5 dxe5 12. Nd5 Bxf5 13. Nxe7+ Nxe7 14. Qb3 e4 15. Nd4 Bh3 16. f3 Bxg2 17. Kxg2 exf3+ 18. Nxf3 Nf5 19. Bf4 Rae8 20. Rae1 Ng4 21. h3 Nf6 22. Bxc7 h6 23. Re5 Rxe5 24. Bxe5 Re8 25. Re1 Nd7 26. g4 Qg6 27. Qxb7 Nxe5 28. Qd5+ Kh7 29. Nxe5 Qg5 30. Qd3 g6 31. Nf3 Nh4+ 32. Kg3 Rxe1 33. Nxg5+ hxg5 34. Kf2 Re7 35. c5 1-0

[Event "CZE-chT2c 9596"]
[Site "CZE"]
[Date "1996.??.??"]
[Round "7"]
[White "Zabystrzan, Pavel"]
[Black "Vavruska, Antonin"]
[Result "1/2-1/2"]
[WhiteElo "2285"]
[BlackElo "2260"]
[PlyCount "46"]
[EventDate "1995.??.??"]
[Source "www.chesslib.no"]
[SourceDate "2004.05.04"]

1. Nf3 e6 2. g3 f5 3. d4 d6 4. c4 Be7 5. Nc3 Nf6 6. Qc2 O-O 7. Bg2 Qe8 8. O-O Qh5 9. Bg5 h6 10. Bxf6 Bxf6 11. Rac1 Nc6 12. d5 Nd8 13. dxe6 Nxe6 14. Nd5 Bd8 15. e3 Bd7 16. Rfd1 Be8 17. Nd4 Nxd4 18. Rxd4 g5 19. Nc3 Rb8 20. Rcd1 Bc6 21. Bd5+ Kg7 22. R4d2 Qe8 23. Ne2 Bf6 1/2-1/2

[Event "Zalakaros Open"]
[Site "Zalakaros"]
[Date "1993.??.??"]
[Round "6"]
[White "Waller, Helmut"]
[Black "Meszaros, Andras"]
[Result "0-1"]
[WhiteElo "2200"]
[BlackElo "2345"]
[PlyCount "90"]
[EventDate "1993.??.??"]
[Source "www.chesslib.no"]
[SourceDate "2004.05.04"]

1. d4 f5 2. g3 Nf6 3. Bg2 e6 4. Nf3 Be7 5. O-O O-O 6. c4 d6 7. Nc3 Qe8 8. Qc2 Nc6 9. d5 Ne5 10. Nxe5 dxe5 11. dxe6 Bxe6 12. Bg5 c6 13. b3 Qh5 14. Bxf6 Rxf6 15. Bf3 Qf7 16. e3 Rh6 17. Rad1 g5 18. Rfe1 g4 19. Bh1 Qh5 20. Kf1 Qxh2 21. Ke2 Re8 22. Rg1 Rf6 23. Kf1 Qh5 24. Bg2 Qf7 25. Rh1 h5 26. Ne2 Rh6 27. Qc1 Qg7 28. Rd3 Rf8 29. Rd1 Qh8 30. Qc3 h4 31. gxh4 Bc5 32. h5 Qf6 33. Ng3 Qe7 34. Ne2 Bc8 35. Qc1 Bb6 36. Rd3 Qc5 37. Qe1 f4 38. exf4 exf4 39. Be4 Rxh5 40. Bd5+ Qxd5 41. cxd5 Rxh1+ 42. Ng1 g3 43. Qe4 Bf5 44. Qxh1 Bxd3+ 45. Ne2 f3 0-1

[Event "ISL-chT 9798"]
[Site "Iceland"]
[Date "1998.??.??"]
[Round "?"]
[White "Einarsson, Halldor"]
[Black "Gunnarsson, Arnar"]
[Result "0-1"]
[WhiteElo "2315"]
[BlackElo "2230"]
[PlyCount "63"]
[EventDate "1997.??.??"]
[Source "www.chesslib.no"]
[SourceDate "2004.05.04"]

1. d4 f5 2. c4 Nf6 3. Nf3 e6 4. g3 Be7 5. Bg2 O-O 6. O-O d6 7. Nc3 Qe8 8. Qc2 Qh5 9. e4 fxe4 10. Nxe4 Nc6 11. Re1 Nxe4 12. Qxe4 d5 13. Qe3 Nb4 14. Qb3 Qf5 15. Bg5 dxc4 16. Qxc4 Bxg5 17. Nxg5 Nc2 18. f4 Nxe1 19. Be4 Qa5 20. Bxh7+ Kh8 21. Qe2 Nf3+ 22. Kh1 Nxg5 23. Qh5 g6 24. Bxg6+ Kg7 25. fxg5 Qd5+ 26. Kg1 Qxd4+ 27. Kh1 Rh8 28. Qe2 Kxg6 29. Qc2+ Kg7 30. Rd1 Qe5 31. g6 b6 32. Qc6 0-1

[Event "Moravia-chT 9899"]
[Site "CZE"]
[Date "1999.??.??"]
[Round "8"]
[White "Michenka, Jozef"]
[Black "Vavruska, Antonin"]
[Result "1-0"]
[WhiteElo "2330"]
[BlackElo "2215"]
[PlyCount "65"]
[EventDate "1998.??.??"]
[Source "www.chesslib.no"]
[SourceDate "2004.05.04"]

1. d4 e6 2. Nf3 f5 3. g3 Nf6 4. Bg2 Be7 5. O-O O-O 6. c4 d6 7. Nc3 Qe8 8. Qc2 Qh5 9. Rb1 a5 10. a3 Nc6 11. b4 axb4 12. axb4 e5 13. dxe5 dxe5 14. Nd5 f4 15. b5 Bf5 16. Qb3 Nxd5 17. bxc6 Bxb1 18. cxb7 Nc3 19. bxa8=Q Nxe2+ 20. Kh1 Rxa8 21. Qxb1 fxg3 22. Qe4 Ra2 23. Qxe5 Qxe5 24. Nxe5 gxf2 25. Be3 Bf6 26. Bd5+ Kh8 27. Rxf2 Ra1+ 28. Kg2 Rg1+ 29. Kh3 Re1 30. Nf7+ Kg8 31. Bg5 Nc3 32. Nh6+ Kh8 33. Rxf6 1-0

[Event "Memorial V.Doroshkevich (open)"]
[Site "Belorechensk (Russia)"]
[Date "2007.06.05"]
[Round "8"]
[White "Pipnikov Nikolay (RUS)"]
[Black "Dashko Andrey (RUS)"]
[Result "1/2-1/2"]
[WhiteElo "2182"]
[BlackElo "2359"]
[PlyCount "66"]
[EventDate "2007.??.??"]
[Source "www.chesslib.no"]
[SourceDate "2004.05.04"]

1. d4 f5 2. c4 e6 3. g3 Nf6 4. Bg2 Be7 5. Nf3 O-O 6. O-O d6 7. Nc3 Qe8 8. Qc2 Nc6 9. d5 Nb4 10. Qb3 Na6 11. dxe6 Nc5 12. Qc2 Bxe6 13. Nd4 Bxc4 14. Nxf5 Be6 15. Nxe7+ Qxe7 16. Bg5 a5 17. Nd5 Bxd5 18. Bxd5+ Kh8 19. Bg2 Rae8 20. Rae1 Qf7 21. Bxf6 Qxf6 22. e4 g5 23. f3 Kg7 24. Qd2 b6 25. f4 gxf4 26. gxf4 Ne6 27. e5 dxe5 28. fxe5 Qg5 29. Qxg5+ Nxg5 30. Rxf8 Kxf8 31. Kf2 Nf7 32. e6 Nd8 33. Bh3 Ke7 1/2-1/2

[Event "Cordoba Open"]
[Site "Cordoba ARG"]
[Date "1990.??.??"]
[Round "?"]
[White "Frois, Antonio"]
[Black "Vella, Brian"]
[Result "1-0"]
[WhiteElo "2325"]
[BlackElo "2205"]
[PlyCount "41"]
[EventDate "1990.10.??"]
[Source "www.chesslib.no"]
[SourceDate "2004.05.04"]

1. Nf3 f5 2. g3 Nf6 3. Bg2 d6 4. d4 e6 5. O-O Be7 6. c4 O-O 7. Nc3 Qe8 8. Qc2 Qh5 9. Bg5 c6 10. e4 e5 11. dxe5 dxe5 12. exf5 Na6 13. h3 Nb4 14. Qb1 e4 15. g4 Qf7 16. Ne5 Qe8 17. Nxe4 Nxe4 18. Bxe7 Nd2 19. Qe1 Qxe7 20. Qxd2 Qxe5 21. Qxb4 1-0

[Event "Hong Kong zt"]
[Site "Hong Kong"]
[Date "1972.??.??"]
[Round "3"]
[White "De Castro, Edgar"]
[Black "Kan Wai Shui"]
[Result "1-0"]
[WhiteElo "2320"]
[BlackElo "2200"]
[PlyCount "131"]
[EventDate "1972.??.??"]
[Source "www.chesslib.no"]
[SourceDate "2004.05.04"]

1. Nf3 f5 2. g3 Nf6 3. Bg2 e6 4. O-O Be7 5. c4 O-O 6. Nc3 d6 7. d4 Qe8 8. Qc2 Qh5 9. b3 Nc6 10. Bb2 Nd8 11. c5 d5 12. Ne5 Nc6 13. Nxc6 bxc6 14. f3 Nd7 15. b4 a6 16. Qa4 Bb7 17. e4 f4 18. g4 Qg5 19. Rfe1 Nf6 20. exd5 Nxg4 21. dxc6 Bc8 22. Ne4 Qh4 23. h3 Ne3 24. Re2 e5 25. Qb3+ Kh8 26. Kh2 Nxg2 27. Rxg2 Bxh3 28. Qc2 Rf5 29. Qf2 Bxg2+ 30. Kxg2 Qh6 31. Rh1 Rh5 32. Rxh5 Qxh5 33. d5 Bh4 34. Qg1 Rd8 35. d6 Re8 36. Qh1 Re6 37. Qh3 Qg6+ 38. Kf1 Bd8 39. a4 cxd6 40. cxd6 Rxd6 41. Nxd6 Qd3+ 42. Kg2 Qd2+ 43. Kh1 Qd1+ 44. Kh2 Qd2+ 45. Kh1 Qxd6 46. Qd7 Qh6+ 47. Kg2 Qg6+ 48. Kf1 Qb1+ 49. Kg2 Qg6+ 50. Kf1 Qb1+ 51. Kg2 Qg6+ 52. Qg4 Qd3 53. Kh3 Qb1 54. Qd7 Qh1+ 55. Kg4 h5+ 56. Kf5 Qb1+ 57. Ke6 Qg6+ 58. Kd5 Qd3+ 59. Ke6 Qg6+ 60. Kxe5 Bf6+ 61. Kd5 Bxb2 62. c7 Qd3+ 63. Kc6 Qc4+ 64. Kb7 Qxb4+ 65. Ka8 Kh7 66. c8=Q 1-0

[Event "Oberliga Nord W9697"]
[Site "Germany"]
[Date "1996.??.??"]
[Round "?"]
[White "Hoerstmann, Martin"]
[Black "Reim, Gerd"]
[Result "1/2-1/2"]
[WhiteElo "2295"]
[BlackElo "2180"]
[PlyCount "126"]
[EventDate "1996.10.??"]
[Source "www.chesslib.no"]
[SourceDate "2004.05.04"]

1. c4 e6 2. Nf3 f5 3. g3 Nf6 4. Bg2 Be7 5. O-O O-O 6. Nc3 Qe8 7. d4 d6 8. Qc2 Qh5 9. b3 Nc6 10. Ba3 Rf7 11. Rad1 Bd7 12. d5 Nd8 13. dxe6 Nxe6 14. c5 Bc6 15. cxd6 cxd6 16. Bxd6 Bxd6 17. Rxd6 Re8 18. Rfd1 f4 19. b4 fxg3 20. hxg3 Ng4 21. Ne4 Qf5 22. Rxc6 bxc6 23. Nh4 Qe5 24. Nf3 Qf5 25. Qxc6 Rd8 26. Rxd8+ Nxd8 27. Qc4 Qe6 28. Qxe6 Nxe6 29. Bh3 h5 30. Ne5 Rc7 31. Nxg4 hxg4 32. Bxg4 Nd4 33. e3 Rc1+ 34. Kg2 Nc2 35. b5 Kf8 36. Kf3 Ke7 37. Kf4 Nb4 38. a3 Nd3+ 39. Kg5 Ra1 40. Bc8 Rxa3 41. Kg6 Rb3 42. Kxg7 Rxb5 43. Ba6 Rb3 44. Bc4 Ra3 45. f4 Ne5 46. fxe5 Rxe3 47. Bd5 a5 48. Kg6 a4 49. Kf5 Rf3+ 50. Kg4 Rd3 51. Ba2 a3 52. Kf4 Rd1 53. Bg8 Kf8 54. Be6 Ke7 55. Bg8 Kf8 56. Bc4 Rc1 57. Bb3 Rb1 58. Be6 Ke7 59. Bg8 Kf8 60. Bd5 Rb5 61. Be6 Ke7 62. Bg8 Kf8 63. Be6 Ke7 1/2-1/2

[Event "Gausdal Peer-Gynt"]
[Site "?"]
[Date "1990.??.??"]
[Round "2"]
[White "Hjelmas, L."]
[Black "Lindgren, M."]
[Result "0-1"]
[WhiteElo "2225"]
[BlackElo "2250"]
[PlyCount "44"]
[EventDate "1990.??.??"]
[Source "www.chesslib.no"]
[SourceDate "2004.05.04"]

1. d4 e6 2. c4 f5 3. Nf3 Nf6 4. g3 d6 5. Bg2 Be7 6. O-O O-O 7. Nc3 Qe8 8. Qc2 Qh5 9. e4 e5 10. dxe5 dxe5 11. Nd5 Nxd5 12. cxd5 Bd6 13. Ne1 fxe4 14. Bxe4 Nd7 15. Bg2 Nf6 16. Bd2 Bd7 17. Nd3 Bf5 18. Rad1 e4 19. Nf4 Bxf4 20. Bxf4 e3 21. Qc4 e2 22. d6+ Kh8 0-1

[Event "HUN-chT2 9495"]
[Site "HUN"]
[Date "1995.??.??"]
[Round "?"]
[White "Kulcsar, Miklos"]
[Black "Kahan, Robert"]
[Result "0-1"]
[WhiteElo "2215"]
[BlackElo "2260"]
[PlyCount "60"]
[EventDate "1994.??.??"]
[Source "www.chesslib.no"]
[SourceDate "2004.05.04"]

1. d4 e6 2. Nf3 f5 3. g3 Nf6 4. Bg2 Be7 5. O-O O-O 6. c4 d6 7. Nc3 Qe8 8. Qc2 Qh5 9. e4 fxe4 10. Nxe4 e5 11. dxe5 dxe5 12. Nfg5 Nxe4 13. Nxe4 Nc6 14. Nc3 Nd4 15. Qe4 c6 16. f4 Bf5 17. Qxe5 Bf6 18. Qc7 Bd3 19. Be3 Rf7 20. Qd6 Rd8 21. Qa3 Bxf1 22. Rxf1 Ne2+ 23. Nxe2 Qxe2 24. Rf2 Qxc4 25. Bf1 Rd1 26. Qxa7 Re7 27. b3 Qe4 28. Bc5 Bd4 29. Qb6 Bxf2+ 30. Bxf2 Qe2 0-1

[Event "Mondariz 04"]
[Site "?"]
[Date "1996.??.??"]
[Round "4"]
[White "Miguel Lago Victor Miguel"]
[Black "Pert Nicholas"]
[Result "1/2-1/2"]
[WhiteElo "2275"]
[BlackElo "2195"]
[PlyCount "50"]
[EventDate "1996.??.??"]
[Source "www.chesslib.no"]
[SourceDate "2004.05.04"]

1. Nf3 f5 2. d4 e6 3. g3 Nf6 4. Bg2 Be7 5. O-O O-O 6. c4 d6 7. Nc3 Qe8 8. Qc2 Qh5 9. e4 e5 10. Nd5 Nxd5 11. cxd5 fxe4 12. Qxe4 Bg4 13. Nd2 Nd7 14. dxe5 Nxe5 15. f4 Bf5 16. Qe1 Ng6 17. Ne4 Rae8 18. Be3 Bd8 19. Qb4 Bh3 20. Bf3 Bg4 21. Bg2 Bh3 22. Bf3 Qf5 23. Rf2 Bg4 24. Bg2 Bh3 25. Bf3 Bg4 1/2-1/2

[Event "Oberliga Ost B9899"]
[Site "GER"]
[Date "1999.??.??"]
[Round "?"]
[White "Ballo, Emanuel"]
[Black "Baum, Bernd"]
[Result "0-1"]
[WhiteElo "2200"]
[BlackElo "2245"]
[PlyCount "76"]
[EventDate "1998.??.??"]
[Source "www.chesslib.no"]
[SourceDate "2004.05.04"]

1. d4 e6 2. c4 f5 3. g3 Nf6 4. Bg2 Be7 5. Nf3 O-O 6. O-O d6 7. Nc3 Qe8 8. Qc2 a5 9. e4 fxe4 10. Nxe4 Qh5 11. Nxf6+ Bxf6 12. Be3 Nc6 13. Rad1 Kh8 14. Qc1 Rb8 15. b3 Bd7 16. Rfe1 Rbe8 17. d5 Nb4 18. a3 Na2 19. Qd2 Nc3 20. dxe6 Bc6 21. Nd4 Bxg2 22. Qxc3 Bf3 23. Qd3 Bxd4 24. Bxd4 Qh3 25. Qf1 Qxf1+ 26. Kxf1 Bxd1 27. e7 Rf3 28. Rxd1 Rxe7 29. Rb1 b6 30. Kg2 Rd3 31. Be3 Kg8 32. Kf3 a4 33. bxa4 Rxa3 34. Rb4 Kf7 35. Kg4 Re5 36. c5 dxc5 37. Rf4+ Ke8 38. Bc1 Rb3 0-1

[Event "Solingen"]
[Site "?"]
[Date "2004.05.30"]
[Round "5.3"]
[White "Lukovski Lev"]
[Black "Rotshtein Efim"]
[Result "0-1"]
[WhiteElo "2080"]
[BlackElo "2360"]
[PlyCount "82"]
[EventDate "2004.??.??"]
[Source "www.chesslib.no"]
[SourceDate "2004.05.04"]

1. Nf3 f5 2. g3 Nf6 3. Bg2 d6 4. d4 e6 5. O-O Be7 6. c4 O-O 7. Nc3 Qe8 8. Qc2 Qh5 9. h3 Nc6 10. e4 e5 11. dxe5 dxe5 12. Nh2 Nd4 13. Qd1 Qxd1 14. Rxd1 Nxe4 15. Nxe4 fxe4 16. Bxe4 Bxh3 17. Be3 c6 18. Bxd4 exd4 19. Rxd4 a5 20. a3 a4 21. Re1 Bc5 22. Rd2 Rae8 23. Ree2 Rxf2 24. Rxf2 Bxf2+ 25. Kxf2 Rxe4 26. Nf3 h6 27. Rd8+ Kh7 28. Nd2 Re7 29. Ra8 Bg4 30. Rd8 h5 31. Rd4 c5 32. Re4 Rd7 33. Ke3 b6 34. Re5 Kg6 35. Ne4 Bf5 36. Nc3 Rd3+ 37. Kf4 Rd4+ 38. Ke3 Kf6 39. Re8 Rd3+ 40. Ke2 Rxg3 41. Nxa4 Bd7 0-1

[Event "Malaga Ch"]
[Site "Malaga ESP"]
[Date "1985.04.27"]
[Round "6"]
[White "Jimenez Clavero, Miguel Angel"]
[Black "Ruiz Gutierrez, Manuel"]
[Result "0-1"]
[WhiteElo "2199"]
[BlackElo "2235"]
[PlyCount "58"]
[EventDate "1985.03.23"]
[Source "www.chesslib.no"]
[SourceDate "2004.05.04"]

1. d4 e6 2. c4 f5 3. g3 Nf6 4. Bg2 Be7 5. Nf3 O-O 6. O-O d6 7. Nc3 Qe8 8. Qc2 Qh5 9. Nb5 Na6 10. Bf4 Ne4 11. h4 h6 12. Nd2 g5 13. Bf3 Qg6 14. Be3 Nxd2 15. Bxd2 c6 16. Na3 e5 17. c5 e4 18. cxd6 Bxd6 19. Bg2 gxh4 20. Nc4 hxg3 21. Nxd6 gxf2+ 22. Rxf2 Qxd6 23. Bf4 Qg6 24. Kh2 Be6 25. Rh1 Nb4 26. Qd2 Nd5 27. Bxh6 f4 28. Bxf8 e3 29. Bxd5 Qg3# 0-1

[Event "Bayernliga 2002/03_R3"]
[Site "?"]
[Date "2002.12.15"]
[Round "1.3"]
[White "Juptner Jan"]
[Black "Kuehn Manfred[64Mue"]
[Result "1-0"]
[WhiteElo "2213"]
[BlackElo "2204"]
[PlyCount "93"]
[EventDate "2002.??.??"]
[Source "www.chesslib.no"]
[SourceDate "2004.05.04"]

1. d4 e6 2. c4 f5 3. g3 Nf6 4. Bg2 Be7 5. Nf3 O-O 6. O-O d6 7. Nc3 Qe8 8. Qc2 Qh5 9. e4 fxe4 10. Nxe4 Nc6 11. Nxf6+ Bxf6 12. Be3 e5 13. dxe5 dxe5 14. Nd2 Nd4 15. Bxd4 exd4 16. Ne4 Bg4 17. Rae1 Rad8 18. Qd3 Be7 19. a3 c6 20. Nd2 Bd6 21. b4 Bf5 22. Be4 Bh3 23. Bg2 c5 24. Bxh3 Qxh3 25. b5 Rde8 26. Re4 Qf5 27. f3 Re6 28. Rfe1 Rh6 29. Qe2 Qh3 30. f4 d3 31. Qg2 Qf5 32. Nf3 Bc7 33. Ng5 Rd6 34. Qd2 h6 35. Nf3 Kh7 36. Kg2 Rfd8 37. Re5 Qf8 38. h3 Rg6 39. R5e4 a6 40. a4 Rf6 41. Re7 Bxf4 42. gxf4 Rxf4 43. R7e3 Qf5 44. Ne5 axb5 45. axb5 Rfd4 46. Rf3 Qe6 47. Nc6 1-0

[Event "Moravia-chT 9697"]
[Site "?"]
[Date "1997.??.??"]
[Round "?"]
[White "Sochor, Stanislav"]
[Black "Popela, Pavel"]
[Result "0-1"]
[WhiteElo "2150"]
[BlackElo "2255"]
[PlyCount "72"]
[EventDate "1997.??.??"]
[Source "www.chesslib.no"]
[SourceDate "2004.05.04"]

1. d4 e6 2. Nf3 f5 3. g3 Nf6 4. Bg2 Be7 5. c4 d6 6. Nc3 O-O 7. Qc2 Qe8 8. O-O Qh5 9. Bd2 Nbd7 10. Rae1 e5 11. dxe5 dxe5 12. e4 Nc5 13. Nxe5 fxe4 14. Nxe4 Qxe5 15. Ng5 Qd6 16. Bd5+ Kh8 17. Bc3 g6 18. Qe2 Bd8 19. Nf7+ Rxf7 20. Bxf7 Kg7 21. Bd5 Bh3 22. Bg2 Bxg2 23. Kxg2 Kf7 24. g4 Nd3 25. Kg1 Nxe1 26. Rxe1 Qd7 27. h3 Be7 28. g5 Nh5 29. Qf3+ Qf5 30. Qxb7 Qxg5+ 31. Kf1 Re8 32. Qxc7 Nf4 33. Qb7 Qf5 34. Bb4 Qxh3+ 35. Kg1 Qg4+ 36. Kf1 Ne6 0-1

[Event "06sen.ESMM Europa"]
[Site "?"]
[Date "2004.02.??"]
[Round "2"]
[White "Vink Wim"]
[Black "Vager Boris"]
[Result "1/2-1/2"]
[WhiteElo "2148"]
[BlackElo "2251"]
[PlyCount "75"]
[EventDate "2004.??.??"]
[Source "www.chesslib.no"]
[SourceDate "2004.05.04"]

1. d4 e6 2. c4 f5 3. g3 Nf6 4. Bg2 Be7 5. Nc3 O-O 6. Nf3 d6 7. O-O Qe8 8. Qc2 Qh5 9. b3 a5 10. Bb2 Nc6 11. Rad1 Bd7 12. a3 Rae8 13. d5 Nd8 14. dxe6 Nxe6 15. Nd5 Bd8 16. e3 Ne4 17. Nd2 N6c5 18. f3 Nxd2 19. Rxd2 Qh6 20. Re1 c6 21. Nf4 g5 22. Nd3 Ne6 23. Nf2 Ng7 24. Qd1 Re6 25. e4 Bb6 26. Bd4 Bxd4 27. Rxd4 c5 28. Rd3 Bc6 29. exf5 Rxe1+ 30. Qxe1 Nxf5 31. Qxa5 Nd4 32. Qd2 Qg7 33. Ne4 Bxe4 34. fxe4 h6 35. b4 b6 36. Re3 Qe5 37. Re1 Kg7 38. Rf1 1/2-1/2

[Event "Elista ol (Men)"]
[Site "Elista"]
[Date "1998.10.01"]
[Round "3"]
[White "Opio, Steven"]
[Black "Corbin, Philip"]
[Result "1/2-1/2"]
[WhiteElo "2180"]
[BlackElo "2215"]
[PlyCount "58"]
[EventDate "1998.09.29"]
[Source "ChessBase"]
[SourceDate "1998.11.06"]

1. d4 f5 2. c4 Nf6 3. g3 e6 4. Bg2 Be7 5. Nc3 O-O 6. Nf3 d6 7. O-O Qe8 8. Qc2 Qg6 9. b4 Ne4 10. Nxe4 fxe4 11. Ne1 d5 12. cxd5 exd5 13. Qxc7 Nc6 14. Bf4 Bxb4 15. a3 Rf7 16. Qxf7+ Qxf7 17. axb4 Nxd4 18. Ra2 Bd7 19. Rd2 Nf5 20. Nc2 Nh4 21. Bh1 Bh3 22. Rfd1 g5 23. Bxg5 Rf8 24. Be3 Nf5 25. Bf4 Qh5 26. Ne3 Nxe3 27. Bxe3 Rf5 28. Bg2 Bxg2 29. Kxg2 b6 1/2-1/2

[Event "Amsterdam m1"]
[Site "?"]
[Date "2000.??.??"]
[Round "?"]
[White "Van Dongen Cor"]
[Black "Rubingh Otto"]
[Result "0-1"]
[WhiteElo "2135"]
[BlackElo "2260"]
[PlyCount "65"]
[EventDate "2000.??.??"]
[Source "www.chesslib.no"]
[SourceDate "2004.05.04"]

1. c4 e6 2. Nc3 f5 3. Nf3 Nf6 4. g3 d6 5. d4 Be7 6. Bg2 O-O 7. O-O Qe8 8. Qc2 Qh5 9. e4 e5 10. dxe5 dxe5 11. Nd5 Bd8 12. Nxf6+ Bxf6 13. h3 Nc6 14. Be3 Qg6 15. exf5 Bxf5 16. Qb3 Bd3 17. c5+ Kh8 18. Rfe1 e4 19. Nd2 Rae8 20. Qxb7 Be5 21. Qb3 Rb8 22. Qa4 Rb4 23. Qd1 Nd4 24. Rc1 Nf3+ 25. Nxf3 exf3 26. Bxf3 Bxg3 27. Bg2 Bh4 28. b3 Bf5 29. Qf3 h6 30. Red1 Bf6 31. Qg3 Qh5 32. c6 Rh4 33. Rc5 0-1

[Event "AUT Ch"]
[Site "Austria"]
[Date "1996.??.??"]
[Round "3"]
[White "Bawart, Markus"]
[Black "Hinteregger, Arthur"]
[Result "1-0"]
[WhiteElo "2265"]
[BlackElo "2115"]
[PlyCount "59"]
[EventDate "1996.??.??"]
[Source "www.chesslib.no"]
[SourceDate "2004.05.04"]

1. c4 f5 2. Nf3 Nf6 3. g3 e6 4. Bg2 Be7 5. O-O d6 6. d4 O-O 7. Nc3 Qe8 8. Qc2 Qh5 9. e4 e5 10. dxe5 dxe5 11. Nd5 Nxd5 12. cxd5 Bd6 13. h3 f4 14. g4 Qg6 15. b4 h5 16. g5 c6 17. Rd1 Bxb4 18. Qb3 c5 19. Nxe5 Qxg5 20. d6+ Kh7 21. Nf3 Qg6 22. Rd5 Nd7 23. Bb2 Qe8 24. Ng5+ Kh8 25. Ne6 c4 26. Bxg7+ Kg8 27. Qxb4 Qxe6 28. Bxf8 Nxf8 29. Rad1 Qg6 30. h4 1-0

[Event "BCF Ch"]
[Site "Swansea WLS"]
[Date "1995.??.??"]
[Round "?"]
[White "Kelly, Brian"]
[Black "Pert, Nicholas"]
[Result "1/2-1/2"]
[WhiteElo "2210"]
[BlackElo "2155"]
[PlyCount "150"]
[EventDate "1995.08.??"]
[Source "www.chesslib.no"]
[SourceDate "2004.05.04"]

1. c4 f5 2. Nf3 Nf6 3. g3 d6 4. d4 e6 5. Bg2 Be7 6. O-O O-O 7. Nc3 Qe8 8. Qc2 Qg6 9. b3 a5 10. Bb2 Nc6 11. a3 e5 12. dxe5 dxe5 13. Nd5 Bd6 14. Nxe5 Nxe5 15. Bxe5 Nxd5 16. Bxd5+ Kh8 17. Bxd6 Qxd6 18. e3 c6 19. Bf3 Be6 20. Rfd1 Qc5 21. Rd4 Rfd8 22. Qd2 Qb6 23. Qd3 c5 24. Rxd8+ Rxd8 25. Bd5 Qd6 26. Rd1 Qe5 27. Qc2 Bxd5 28. Qd2 a4 29. bxa4 Qe4 30. cxd5 Qxa4 31. Qd3 c4 32. Qd4 h6 33. Rb1 Rd7 34. Rc1 Qa5 35. Qxc4 Qxd5 36. Qb4 Kh7 37. a4 Qf3 38. Qf4 Qxf4 39. gxf4 Rd5 40. Rb1 Rd7 41. Rb5 Kg6 42. Kg2 Re7 43. Kg3 Re4 44. a5 Ra4 45. h3 Ra3 46. Kh4 Ra2 47. f3 Re2 48. Rb3 Ra2 49. Rb6+ Kh7 50. Rb5 Re2 51. Re5 Kg6 52. e4 fxe4 53. fxe4 Kf6 54. Kg4 Re3 55. h4 Rb3 56. Rd5 Ke6 57. f5+ Ke7 58. Re5+ Kf7 59. Rc5 Rb4 60. Kf4 g6 61. Ke5 gxf5 62. exf5 Rxh4 63. Rc7+ Kg8 64. Rxb7 Ra4 65. Ra7 h5 66. f6 h4 67. Ke6 Re4+ 68. Kf5 Ra4 69. Rg7+ Kf8 70. Rb7 h3 71. Rh7 Ra3 72. a6 Kg8 73. Rg7+ Kf8 74. a7 h2 75. Rh7 Rxa7 1/2-1/2

[Event "Corr"]
[Site "?"]
[Date "2002.12.15"]
[Round "?"]
[White "Costa Paulo Cesar"]
[Black "Oestergaard Allan"]
[Result "0-1"]
[WhiteElo "2169"]
[BlackElo "2191"]
[PlyCount "78"]
[EventDate "2002.??.??"]
[Source "www.chesslib.no"]
[SourceDate "2004.05.04"]

1. d4 f5 2. c4 e6 3. g3 Nf6 4. Bg2 Be7 5. Nf3 O-O 6. O-O d6 7. Nc3 Qe8 8. Qc2 Qg6 9. Bg5 Nc6 10. Nb5 Bd8 11. d5 Ne5 12. Bxf6 Nxf3+ 13. Bxf3 Qxf6 14. dxe6 a6 15. e7 Qxe7 16. Nd4 f4 17. Be4 g5 18. e3 c6 19. exf4 gxf4 20. Rfe1 Qf6 21. Nb3 fxg3 22. hxg3 a5 23. Bxh7+ Kg7 24. Be4 a4 25. Nc1 Ba5 26. Re3 Bb6 27. Rf3 Qe5 28. Ne2 Rxf3 29. Bxf3 a3 30. Qb3 Bc5 31. Rb1 Ra6 32. Kg2 Rb6 33. Qc3 Bf5 34. b4 Bxb1 35. bxc5 Qxc3 36. Nxc3 dxc5 37. Bd1 Rb2 38. Bb3 Bxa2 39. Bxa2 Rc2 0-1

[Event "Nationale II - Est"]
[Site "?"]
[Date "2002.11.16"]
[Round "2.5"]
[White "Zawadski Stephane"]
[Black "Rehm Bernard"]
[Result "1-0"]
[WhiteElo "2192"]
[BlackElo "2134"]
[PlyCount "53"]
[EventDate "2002.??.??"]
[Source "www.chesslib.no"]
[SourceDate "2004.05.04"]

1. d4 e6 2. Nf3 f5 3. g3 Nf6 4. Bg2 Be7 5. O-O O-O 6. c4 d6 7. Nc3 Qe8 8. Qc2 Nc6 9. d5 Nb4 10. Qb3 Na6 11. dxe6 Nc5 12. Qc2 Bxe6 13. Nd4 Qd7 14. Nxe6 Qxe6 15. Nd5 Bd8 16. Bg5 Nce4 17. Bxf6 Nxf6 18. Nxf6+ Qxf6 19. Bxb7 Rb8 20. Bd5+ Kh8 21. b3 f4 22. Rad1 Qh6 23. Rd4 g5 24. Re4 Bf6 25. Re6 Qh3 26. Qe4 Be5 27. Rxe5 1-0